El sombrero de tres picos - el clavo - el coro de ángeles /

Guardado en:
Autor Principal: Alarcón y Ariza, Pedro Antonio Joaquín Melitón de(1833-1891)
Formato: Libro
Publicado: Madrid : Club Internacional del Libro, 1998
Materias:
Etiquetas: Agregar Etiqueta
Sin Etiquetas, Sea el primero en etiquetar este registro!
LEADER 00764nam a22002295a 4500
001 CEM.cems016955
005 20130612163455.0
008 130507s1998##################000#0#####d
003 CEMS
082 0 4 |a 863.6 
100 1 |a Alarcón y Ariza, Pedro Antonio Joaquín Melitón de(1833-1891) 
245 1 0 |a El sombrero de tres picos - el clavo - el coro de ángeles /  |c Pedro Antonio Joaquín Melitón de Alarcón y Ariza, 
260 |a Madrid :  |b Club Internacional del Libro,  |c 1998 
300 |a 181 p. 
653 |a Literatura 
653 |a Literatura española 
653 |a Romanticismo español 
653 |a Novela española 
653 |a Novela 
653 |a Narrativa 
653 |a Realismo español 
859 |a CEMS  |b BIB. CEMS - Agricultura  |h 863.6  |i Al121  |p A0352.01  |t Ej.1